| 000 | 00624nam a2200241Ia 4500 | ||
|---|---|---|---|
| 003 | OSt | ||
| 005 | 20221006144658.0 | ||
| 006 | a|||||r|||| 00| 0 | ||
| 007 | ta | ||
| 008 | 221006b |||||||| |||| 00| 0 eng d | ||
| 020 |
_c _7.50 |
||
| 024 | _a12,349 | ||
| 037 | _cTextual | ||
| 040 |
_aEASL _cEASL _beng |
||
| 041 |
_2eng _aeng |
||
| 082 | _aV41.N56, J5;1 | ||
| 100 |
_aWALKER Rchard L _9652596 |
||
| 245 | 0 | _aChina under communism | |
| 260 |
_aNew Havan _b Yale Unmiversity _c1955 |
||
| 300 |
_a403p. _ccm. |
||
| 942 |
_hV41.N56, J5;1 _cTEXL _2CC |
||
| 999 |
_c1080435 _d1080435 |
||